Maria - Dua Lipa - Statistics

General Stats
  • This quiz has been taken 36 times
  • The average score is 198 of 271
Answer Stats
Hint Answer % Correct
I
96%
Chorus | Post-Chorus Maria
96%
the
96%
a
92%
his
88%
in
88%
you
88%
but
85%
But
85%
he
85%
He
85%
heart
85%
know
85%
when
85%
Verse 2 When
85%
(When
85%
you're
85%
alone
81%
alone)
81%
feel
81%
gone
81%
somewhere
81%
is
77%
it
77%
love
77%
Chorus Oh
77%
we're
77%
ya
77%
Even
73%
I'm
73%
to
73%
for
69%
Verse 1 I've
69%
all
65%
arms
65%
deepest
65%
Deepest
65%
had
65%
that
65%
yeah
65%
and
62%
comes
62%
here
62%
knows
62%
means
62%
thank
62%
done
58%
never
58%
Bridge Never
58%
take
58%
you've
58%
granted
54%
he's
54%
no
54%
now
54%
Now
54%
Ooh
54%
owe
54%
Says
54%
too
54%
from
50%
gave
50%
lost
50%
sweetest
50%
wanna
50%
was
50%
better
46%
can't
46%
could
46%
he'll
46%
leave
46%
lose
46%
things
46%
this
46%
thought
46%
undo
46%
way
46%
'Cause
42%
cause
42%
certain
42%
change
42%
how
42%
make
42%
ones
42%
see
42%
there
42%
Time
42%
time
42%
want
42%
young
42%
after
38%
cold
38%
ever
38%
eyes
38%
Grateful
38%
look
38%
much
38%
always
35%
everything
35%
Here's
31%
effect
27%
lovers
23%
I'd
19%
No matching quizzes found
Score Distribution
Percent of People with Each Score
Percentile by Number Answered
Your Score History
You have not taken this quiz